Click the Deftones Song Title Ending - Statistics

General Stats
  • This quiz has been taken 425 times
  • The average score is 17 of 20
Answer Stats
Hint Answer % Correct
Be Quiet and Drive
97%
Engine No. 9
96%
Diamond Eyes
91%
Around the Fur
91%
Cherry Waves
91%
Hole in the Earth
90%
My Own Summer
90%
Needles and Pins
89%
7 Words
88%
Digital Bath
86%
Knife Prty
84%
Swerve City
82%
Beauty School
80%
Phantom Bride
79%
You've Seen the Butcher
75%
Romantic Dreams
75%
Goon Squad
75%
Pink Maggit
73%
Rx Queen
69%
The Spell of Mathematics
62%
No matching quizzes found
Score Distribution
Percent of People with Each Score
Percentile by Number Answered
Your Score History
You have not taken this quiz